| 000 | 00846cad a22002055a 4500 | ||
|---|---|---|---|
| 001 | E154016 | ||
| 008 | 111004e20110827xxk 000 0 eng u | ||
| 035 | _a(Sirsi) u154016 | ||
| 041 | 0 | _aeng | |
| 110 | 2 |
_aBank of Scotland _95792 |
|
| 245 | 0 | 0 |
_aScotland has the UK's most affordable housing _h[electronic resource] |
| 260 | _c2011 | ||
| 490 |
_aBank of Scotland Press Release _v27 August 2011 |
||
| 520 | _aMortgage repayments as a proportion of disposable income is lower in Scotland then the rest of the UK, at 22%. | ||
| 590 | _aKA | ||
| 651 | 4 |
_aScotland _y1999- |
|
| 690 | _aPROPERTY-RESIDENTIAL PROPERTY-DOMESTIC RESIDENTIAL PROPERTY-HOUSING | ||
| 856 | 4 | 0 |
_uhttps://www.lloydsbankinggroup.com/media/pdfs/bos/2011/270811_BoS_Affordability_Review.pdf _zView the news release free of charge at www.lloydsbankinggroup.com... |
| 942 | _n0 | ||
| 999 |
_c83453 _d83453 |
||